| 000 | 00663nam a2200241Ia 4500 | ||
|---|---|---|---|
| 003 | OSt | ||
| 005 | 20221005040018.0 | ||
| 006 | a|||||r|||| 00| 0 | ||
| 007 | ta | ||
| 008 | 221004b |||||||| |||| 00| 0 san d | ||
| 024 | _a72985 | ||
| 037 | _cTextual | ||
| 040 |
_aCRL _cCRL _bsan |
||
| 041 |
_2san _asan |
||
| 082 | _aO15,2D70:g, 111L4 | ||
| 100 | _aHarshe R. G | ||
| 245 | 0 | _aObservations on the life and works of Bhavabhuti | |
| 260 |
_aDelhi _bMeharchand Lachhmandas India _c1974 |
||
| 300 |
_a103p _ccm. |
||
| 650 | _aSANSKRIT LITERATURE | ||
| 942 |
_hO15,2D70:g, 111L4 _cTEXL _2cc |
||
| 999 |
_c946233 _d946233 |
||